| 000 | 00444nam a2200169 a 4500 | ||
|---|---|---|---|
| 005 | 20140310183348.0 | ||
| 008 | 070503s19uu xx 00 eng d | ||
| 020 | _a0553298178 | ||
| 050 |
_aPR 6005 _b.C597 1992 |
||
| 100 | _aClarke, Arthur C. | ||
| 245 |
_aThe garden of Rama / _cArthur C. Clarke. |
||
| 260 |
_aNew York : _bBantam Books, _c1992. |
||
| 300 |
_a518 p. : _c18 cm. |
||
| 650 | _aFiction. | ||
| 942 |
_cBK _2lcc |
||
| 999 |
_c21998 _d21998 |
||